Quizzes
Events
Quiz Creation
Community
Videos
Private Events
Remove Ads
Sign In
Join for FREE
Feedback
Dark Mode
Quiz Categories
Sports
Geography
Music
Movies
Television
Just For Fun
Miscellaneous
History
Literature
Language
Science
Gaming
Entertainment
Religion
Holiday
For Kids
Quiz Lab
Recent
Popular Today
Quiz Kudos Today
Editor Picks
Curator Picks
Quizzes by...
Day
Popularity
Type
Ratings
Length
Year
Community
Subscriptions
Recent Discussions
Orange Saloon
Badges
Playlists
Quests
Create
Leaderboards
Showdown
Live 5
Trivia Bingo
Activity
Puzzle Library
Sporcle Events
Private Events
Virtual Trivia
Globe League
Become a Host
Pub Owners
SporcleCon
Opinionation
Our Games
Videos
Blog
Mobile Apps
Partnerships
Remove Ads and Go Orange
Feedback
Science
Computer
Plants
Astronomy
Chemistry
Elements
Math
Animal
Physics
Anatomy
Biology
Geology
General Science
Science
Computer
Plants
Astronomy
Chemistry
Elements
Math
Animal
Physics
Anatomy
Biology
Geology
General Science
Random Quiz
Search Sporcle
×
Quiz Lab
Quiz Lab
Science
fish
Type in answers that appear in a list
Type in answers that appear in a list
Classic
Best Score? Go Orange.
Wildlife: Indiana Fishes Stats
Can you name the Indiana Fishes
By
chadisrad2011
10m
50 Questions
3 Plays
3 Plays
3 Plays
Comments
Comments
Give Quiz Kudos
Give Quiz Kudos
-
- Ratings
hide this ad
Replay
Link that replays current quiz
Next Quiz
Link to next quiz in quiz playlist
You Got
0%
They Got
Avg Score
4%
Avg Friend Score
Upgrade to see
Score Distribution
Jump to the score distribution portion of the page
Score
0/50
Timer
10:00
0
Plays Today
Common Name
Species Name
% Correct
Drum Family
Scianidae
33.3%
Alewife
Alosa pseudoharengus
33.3%
Bowfin Family
Amiidae
33.3%
Carps and Minnows Family
Cyprinidae
33.3%
Carps, Sucker, and Minnows Order
Cypriniformes
33.3%
Sturgeon Order
Acipenseriformes
33.3%
Walleye
Sander vitreus
0%
Perch, Walleye, Darter Family
Percidae
0%
Sauger
Sander canadense
0%
Yellow Perch
Perca flavescens
0%
Johnny Darter
Etheostoma nigrum
0%
Freshwater Drum
Aplodinotus grunniens
0%
Catfish Order
Siluriformes
0%
Catfish Family
Ictaluridae
0%
Flathead Catfish
Pylodictis olivaris
0%
Channel Catfish
Ictalurus punctatus
0%
Herring Order
Clupeiformes
0%
Herring Family
Clupeidae
0%
Gizzard Shad
Dorosoma cepedianum
0%
Trout and Salmon Order
Samloniformes
0%
Trout and Salmon Family
Salmonidae
0%
Brown Trout
Salmo trutta
0%
Rainbow Trout
Oncorhynchus mykiss
0%
Pike Order
Esociformes
0%
Pike Family
Esocidae
0%
Common Name
Species Name
% Correct
Northern Pike
Esox lucius
0%
Bowfin Order
Amiiformes
0%
Bowfin
Amia calva
0%
Gar Order
Lepisosteiformes
0%
Gar Family
Lepisosteidae
0%
Longnose gar
Lepisosteus osseus
0%
White Crappie
Pomoxis annularis
0%
Rock Bass
Ambloplites rupestris
0%
Smallmouth Bass
Micropterus dolomieu
0%
Largemouth Bass
Micropterus salmoides
0%
Green Sunfish
Lepomis cyanellus
0%
Sucker Family
Catastomidae
0%
Central stoneroller
Campostoma anomalum
0%
Bluntnose Minnow
Pimephales notatus
0%
Common Carp
Cyprinus carpio
0%
Silver Carp
Hypophthalmichthys molitrix
0%
Livebearers Family
Poeciliidae
0%
Livebearers Order
Cyprinodontiformes
0%
Shovelnose Sturgeon
Scaphirynchus platorynchus
0%
Sturgeon Family
Acipenseridae
0%
Bluegill
Lepomis macrochirus
0%
Sunfish Family
Centrarchidae
0%
Sunfish, Perch, and Drum Order
Perciformes
0%
Redhorse Sucker
Moxostoma spp.
0%
White Sucker
Catostomus commersoni
0%
Quiz Playlist
Details
Report
Send in Message
Add To Playlist
Classic:
Type in answers that appear in a list
Last Updated: Feb 16, 2017
Quiz Scoreboard
CHALLENGE
Sign Up to Join the Scoreboard
Show All
Scores
Hide
Comments
May contain spoilers
Recently Published
College Basketball Coaching Resumes
by pancakes188
Sports
9m
Billboard Blitz: Fleetwood Mac
by CooCooCachoo
Music
15s
Presidents Visiting Landmarks
by Hejman
History
7m
More to Explore
Quiz From the Vault
Featured Blog Post
Where Did the Easter Bunny Come From?
hide this ad
You Might Also Like...
Tags
common
fish
Indiana
Wildlife
Today's Top Quizzes in Science
Browse Science
hide this ad
Today's Top Quizzes in fish
Browse fish
Top Contributed Quizzes in Science
1
Quick Pick: Radians
2
Quick Pick: 'CI-CJ' Animals
3
The First 100 Digits of Pi
4
Elements In Images
5
One Thing in Common: Science
6
Science Jokes
7
Name the Acid, Base or Salt
8
One Thing in Common: Science II
9
One Thing in Common: Science III
10
One Thing in Common: Animals
Explore More
Trending Topics
Kpop
Disney
Marvel
Harry Potter
Anime
NBA
Crossword
Puzzle
WWE
The Office
Song
Country
NFL
Pokémon
Soccer
hide this ad
More By:
chadisrad2011
Quiz
Plays
Rating
Category
Featured
Created
Big 4 Losers
35,117
4.27
Sports
Feb 26, 2011
Disney Movie by Protagonists & Antagonists
4,184
4.33
Movies
May 15, 2011
Eminem's Top Rappers
2,873
3.86
Music
Jan 27, 2011
2000s NFL Full Season Starters
2,729
4.42
Sports
Feb 1, 2011
The Purdue Quiz
1,137
3.00
Miscellaneous
Mar 15, 2011
Go to Creator's Profile
Score Distribution
Quiz Creator Spotlight
chadisrad2011
Follow
Send a Message
Quizzes Created
-
Created Quiz Play Count
-
More By This Creator
Popular Quizzes Today
1
Find the US States - No Outlines Minefield
2
Find the Countries of Europe - No Outlines Minefield
3
The Countries of the World
4
Find the US States
5
Risky Map Clicking: Biggest States A-Z
6
US States
7
Popular People in 1961
8
Movies - When Are They Set?
More Science Quizzes
Countries that Discovered Elements
Editor's Pick
Trending Quizzes
Risky Map Clicking: Least Populous States A-Z
1-10 Letter G Words
1-10 Letter F Words
Risky Map Clicking: Next State Alphabetically
Risky Map Clicking: Biggest States A-Z
Recently Updated
Leaping Animals
pecheneg
Reality TV Shows (A-Z)
bhenderson79
Rickey Henderson's Hall of Fame Teammates
pecheneg
Champions League XIs: Arsenal
pecheneg
Quick Pick: Celebrities in WWE's Hall of Fame
aduchscher
A-Z Keypad Blitz II
pecheneg
Multiple Oscar Actors
pecheneg
Mystery Phrase Blitz: Oscar 'Best Actors'
pecheneg
F. Scott Fitzgerald Novels
LTH
Pick 3 Villains
ddd62291
Trending Topics
Harry Potter
Marvel
Disney
Kpop
Crossword
NBA
Anime
WWE
NFL
Country
Pokémon
The Office
Puzzle
Soccer
Song
Your Account Isn't Verified!
In order to create a playlist on Sporcle, you need to verify the email address you used during registration. Go to your
Sporcle Settings
to finish the process.
Report this User
Report this user for behavior that violates our
Community Guidelines
.
Details:
Send Report
Go to the Sporcle.com Mobile Site →
Comments